• 首页
  • 本馆介绍
  • 公告通知
  • 最新文献
  • 馆藏检索
  • 电子资源
  • 读者导购
  • 参考咨询
  • 我的图书馆
  • 登录
  • 详细信息显示
  • 放入我的书架
  • 预约/预借图书
  • 作者相关作品
  • 分类相关作品
  • 丛书相关作品
  • 出版社相关作品

书目信息

  • 表格格式
  • 工作单格式
  • 卡片格式
题名:
中国最美100个寺庙观堂
    
 
作者: ;图行世界编辑部 编著
分册:  
出版信息: 北京   中国旅游出版社  2016
页数: 235页
开本: 23cm
丛书名:
单 册:
中图分类: K928.75 , K928.9
科图分类:
主题词: 寺庙--旅游指南--中国
电子资源:
ISBN: 978-7-5032-5452-9
000 01118nam0 2200277 450
001 012001004580
005 20180929092706.04
010    @a978-7-5032-5452-9@dCNY49.80
100    @a20160415d2016 em y0chiy50 ea
101 0  @achi
102    @aCN@b110000
105    @aa z 000yy
106    @ar
200 1  @a中国最美100个寺庙观堂@9zhong guo zui mei 100 ge si miao guan tang@b专著@d100 most beautiful temples and churchs of China@zeng@f《图行世界》编辑部编著
205    @a2版
210    @a北京@c中国旅游出版社@d2016
215    @a235页@c彩照@d23cm
300    @a图行世界系列图书
330    @a本书选取了中国最具代表性的100处寺庙观堂。全书分为几个大的单元,每单元下的各景观又独立成篇。生动质朴的文字,或展现建筑的雄奇秀美,或透析文明的隽永内涵,配合精美的摄影图片,以全新的方式引领读者深入了解中华大地的宗教建筑之美。
510 1  @a100 most beautiful temples and churchs of China@zeng
606 0  @a寺庙@x旅游指南@y中国
690    @aK928.75@v5
690    @aK928.9@v5
711 02 @a图行世界编辑部@9tu xing shi jie bian ji bu@4编著
801  0 @aCN@b上海新华@c20180901
905    @b1166512-6@dK928.75@e1126=2@f5
    
    中国最美100个寺庙观堂=100 most beautiful temples and churchs of China/《图行世界》编辑部编著.-2版.-北京:中国旅游出版社,2016
    235页:彩照;23cm
    图行世界系列图书
    
    ISBN 978-7-5032-5452-9:CNY49.80
    本书选取了中国最具代表性的100处寺庙观堂。全书分为几个大的单元,每单元下的各景观又独立成篇。生动质朴的文字,或展现建筑的雄奇秀美,或透析文明的隽永内涵,配合精美的摄影图片,以全新的方式引领读者深入了解中华大地的宗教建筑之美。
●
相关链接 在E读中查询图书 在五车中查询图书 在当当中查询图书 在豆瓣中查询图书


正题名:中国最美100个寺庙观堂     索取号:K928.75/1126=2         预约/预借

序号 登录号 条形码 馆藏地/架位号 状态 备注
1 1166512   211665125   第二样本阅览室/ [索取号:K928.75/1126=2] 在馆    
2 1166513   211665134   第二借阅区/ [索取号:K928.75/1126=2] 在馆    
3 1166514   211665143   第二借阅区/ [索取号:K928.75/1126=2] 在馆    
4 1166515   211665152   第二借阅区/ [索取号:K928.75/1126=2] 在馆    
5 1166516   211665161   密集书库-史法系/ [索取号:K928.75/1126=2] 在馆    
唐山师范学院图书馆 欢迎您!
大连网信软件有限公司© 版权所有